000
00288nam a2200097Ia 4500
008
220204s9999 xx 000 0 und d
082
_a
35(058)(595)
_b
MAL.2
245
0
_a
Federation of Malaya: official year book. 1962. V 2
260
_a
Kuala Lumpur
_b
Federation Of Malaya
_c
1962
942
_c
BK
999
_c
19316
_d
19316